Status and trends of the Nation's Biological Resources (Registro nro. 2107)

Detalles MARC
000 -CABECERA
Campo de control 00995nam a2200301 a 4500
005 - FECHA Y HORA DE LA ULTIMA TRANSACCION
Campo de control 20200104041528.0
008 - ELEMENTOS DE LONGITUD FIJA—INFORMACION GENERAL
Campo de control 140304s1998 wauabdofr|||| 001 0 eng d
020 ## - ISBN
ISBN 016053285X
040 ## - FUENTE DE CATALOGACIÓN
Agencia catalogadora original CO-BoIAVH
Agencia transcriptora CO-BoIAVH
041 0# - IDIOMA
Código de idioma para texto/pista de sonido o título separado Inglés
044 ## - PAÍS DE PUBLICACIÓN
País de publicación Estados Unidos
082 04 - NUMERO DE CLASIFICACION DECIMAL DEWEY
Número de clasificación 333.95
Número del ítem M11s
100 1# - ASIENTO PRINCIPAL--NOMBRE PERSONAL
Nombre personal Mac, Michael J.
9 (RLIN) 14617
245 10 - MENCION DE TITULO
Título Status and trends of the Nation's Biological Resources
260 ## - PUBLICACION, DISTRIBUCION, ETC. (PIE DE IMPRENTA)
Lugar de publicación, distribución, etc. Washington :
Nombre del editor, distribuidor, etc. Department of the Interior :
-- Geological Survey,
Fecha de publicación, distribución, etc. 1998.
300 ## - DESCRIPCION FISICA
Extensión 2 Volumenes :
Otros detalles físicos Ilustraciones, mapas, gráficos, fotografías ;
Dimensiones 28 x 22 cm.
504 ## - NOTA DE BIBLIOGRAFIA, ETC.
Nota de bibliografía Incluye referencias bibliográficas.
650 #6 - ASIENTO SECUNDARIO DE MATERIA - TERMINO TEMATICO
Término temático o nombre geográfico como elemento de entrada Uso del suelo
9 (RLIN) 3216
650 #6 - ASIENTO SECUNDARIO DE MATERIA - TERMINO TEMATICO
Término temático o nombre geográfico como elemento de entrada Uso del agua
9 (RLIN) 54244
650 #6 - ASIENTO SECUNDARIO DE MATERIA - TERMINO TEMATICO
Término temático o nombre geográfico como elemento de entrada Cambio climático
9 (RLIN) 54245
650 #6 - ASIENTO SECUNDARIO DE MATERIA - TERMINO TEMATICO
Término temático o nombre geográfico como elemento de entrada Contaminación ambiental
9 (RLIN) 351
650 #6 - ASIENTO SECUNDARIO DE MATERIA - TERMINO TEMATICO
Término temático o nombre geográfico como elemento de entrada Agricultura
9 (RLIN) 304
650 #6 - ASIENTO SECUNDARIO DE MATERIA - TERMINO TEMATICO
Término temático o nombre geográfico como elemento de entrada Ecosistemas
9 (RLIN) 92256
700 1# - ASIENTO SECUNDARIO - NOMBRE PERSONAL
Nombre personal Opler, Paul A.
9 (RLIN) 14621
700 1# - ASIENTO SECUNDARIO - NOMBRE PERSONAL
Nombre personal Puckett Haecker, Catherine E.
9 (RLIN) 14622
700 1# - ASIENTO SECUNDARIO - NOMBRE PERSONAL
Nombre personal Doran, Peter D.
9 (RLIN) 14623
942 ## - ELEMENTOS ADICIONALES (KOHA)
Tipo de ítem Libro
Sistema de clasificación Dewey Decimal Classification
Existencias
Withdrawn status Lost status Sistema de Clasificación Damaged status No para préstamo Colección Inventariado Ubicación Permanente Ubicación actual Fecha de adquisición Fuente de Valor Valor Total Checkouts Número topográfico Inventario / Código de Barras Date last seen Ejemplar Price effective from Forma de adquisición Tipo de material
    Dewey Decimal Classification     General Inventariado 2017 Bogotá Bogotá 30/01/2001 Baptiste, Luis Guillermo 39000.00   LB-333.95 M11s 002611 04/12/2012 V. 1 Ej. 1 04/12/2012   Libro
    Dewey Decimal Classification     General Inventariado 2017 Bogotá Bogotá 30/01/2001 Baptiste, Luis Guillermo 39000.00   LB-333.95 M11s 002612 04/12/2012 V. 2 Ej. 1 04/12/2012   Libro